书目信息 |
| 题名: |
岂有此理
|
|
| 作者: | 空空主人 撰 ;王建忠 , 冯迪译点 译注 | |
| 分册: | ||
| 出版信息: | 长春 吉林人民出版社 2005 |
|
| 页数: | 468页 | |
| 开本: | 20cm | |
| 丛书名: | ||
| 单 册: | ||
| 中图分类: | I264.9 | |
| 科图分类: | ||
| 主题词: | 杂文--中国--清代--选集 | |
| 电子资源: | ||
| ISBN: | 7-206-02840-3 | |
| 000 | 00942nam0 2200277 45 | |
| 001 | 012005604002 | |
| 005 | 20061217153728.23 | |
| 010 | @a7-206-02840-3@dCNY37.50 | |
| 092 | @aCN@b470879 | |
| 100 | @a20051017d2005 em y0chiy0120 ea | |
| 101 | 0 | @achi |
| 102 | @aCN@b220000 | |
| 105 | @ay z 000cy | |
| 200 | 1 | @a岂有此理@Aqi you ci li@e知识分子独立精神的经典@f(清)空空主人撰@g王建忠译注@g冯迪译点 |
| 205 | @a2版 | |
| 210 | @a长春@c吉林人民出版社@d2005 | |
| 215 | @a468页@d20cm | |
| 330 | @a本书共分为12部,分别从天下岂有此理,正义岂有此理,历史岂有此理,人生岂有此理,金钱岂有此理等。 | |
| 517 | 1 | @a知识分子独立精神的经典@9zhi shi fen zi du li jing shen de jing dian |
| 606 | 0 | @a杂文@y中国@z清代@x选集 |
| 690 | @aI264.9@v4 | |
| 701 | 0 | @a空空主人@9kong kong zhu ren@4撰 |
| 702 | 0 | @a王建忠@9wang jian zhong@4译注 |
| 702 | 0 | @a冯迪译点@Afeng di yi dian |
| 801 | 0 | @aCN@bLZJBOOK@c20061217 |
| 905 | @a10447@dI264.9@e1089=2 | |
| 岂有此理:知识分子独立精神的经典/(清)空空主人撰/王建忠译注/冯迪译点.-2版.-长春:吉林人民出版社,2005 |
| 468页;20cm |
| ISBN 7-206-02840-3:CNY37.50 |
| 本书共分为12部,分别从天下岂有此理,正义岂有此理,历史岂有此理,人生岂有此理,金钱岂有此理等。 |
| ● |
| 相关链接 |
|
|
|
|
正题名:岂有此理
索取号:I264.9/1089=2
 
预约/预借
| 序号 | 登录号 | 条形码 | 馆藏地/架位号 | 状态 | 备注 |
| 1 | 0566084 | 205660845 | 第一样本阅览室/ [索取号:I264.9/1089=2] | 在馆 | |
| 2 | 0566085 | 205660854 | 第二借阅区/ [索取号:I264.9/1089=2] | 在馆 | |
| 3 | 0566086 | 205660863 | 第二借阅区/ [索取号:I264.9/1089=2] | 在馆 | |
| 4 | 0566087 | 205660872 | 第二借阅区/ [索取号:I264.9/1089=2] | 在馆 | |
| 5 | 0566088 | 205660881 | 第二借阅区/ [索取号:I264.9/1089=2] | 在馆 | |
| 6 | 0566089 | 205660890 | 第二借阅区/ [索取号:I264.9/1089=2] | 在馆 | |
| 7 | 0566090 | 205660907 | 第二借阅区/ [索取号:I264.9/1089=2] | 在馆 | |
| 8 | 0566091 | 205660916 | 第二借阅区/ [索取号:I264.9/1089=2] | 在馆 |